| 000 | 00892nam a2200277 i 4500 | ||
|---|---|---|---|
| 003 | DO-SdBNP | ||
| 005 | 20231025132928.0 | ||
| 006 | a||||jr|||| 00| 0 | ||
| 007 | ta | ||
| 008 | 231025t2023 dr a|||| |||| 00| h eng d | ||
| 020 | _a9789945929010 | ||
| 040 |
_aDO-SdBNP _bspa _cBNPHU _erda |
||
| 041 | _heng | ||
| 082 | 4 |
_222 _bD418a |
|
| 245 | 1 | 0 |
_aAlis Tavarez. / _cAlis Tavarez; editor, Carlos De Oleo; diseñador gráfico e ilustraciones, Omar Rosario |
| 264 | 4 |
_aSanto Domingo : _bXisten CJ, _c2023 |
|
| 300 |
_a34 páginas : _bIlustraciones ; _c25 cm. |
||
| 336 |
_2rdacontent _atexto _btxt |
||
| 337 |
_2rdamedia _asin mediación _bn |
||
| 338 |
_2rdacarrier _avolumen _bnc |
||
| 490 |
_aTense Teens ; _v1 |
||
| 590 | _aInventariado 2023 / MF | ||
| 700 | 1 |
_a De Oleo, Carlos, _eeditor _984527 |
|
| 700 | 1 |
_aRosario, Omar, _982413 _ediseñador gráfico e ilustraciones |
|
| 942 |
_2ddc _cLF2 |
||
| 999 |
_c55280 _d55280 |
||